Zapojte sa eTwinning

Bibliographic Details
Corporate Author: Národná služba pre elektronickú spoluprácu škôl pri ŽU (Žilina, Slovensko) (Author)
Format: Article
Language:Slovak
PhysicalDescription:Fotogr.
ISSN:0231-6463
Subjects:

MARC

LEADER 00000nab a2200000 a 4500
001 vtls008873933
003 SK-MaSNL
005 20260304180108.0
008 140417c2006 xo mr|p|||| |000 b|slo
015 |a SNBRB2006/11 
038 |a SPK 
040 |a SPKCL  |b slo  |c AACR2  |e AACR2 
041 0 |a slo 
044 |a xo  |c SK 
072 7 |a 37.014  |x Vzdelávacia a výchovná politika  |2 konspekt 
072 7 |a 004  |x Počítačová veda. Výpočtová technika. Informačné technológie  |2 konspekt 
080 |a 37.014.24  |2 1997 
080 |a 004  |2 1997 
110 2 |a Národná služba pre elektronickú spoluprácu škôl pri ŽU (Žilina, Slovensko)  |4 aut  |9 1509244 
245 0 0 |a Zapojte sa  |b eTwinning  |c NSS - Národná služba pre elektronickú spoluprácu škôl pri ŽU 
300 |b Fotogr. 
610 2 7 |a eTwinning (projekt)  |2 snkbucl  |9 567769 
650 0 7 |a školstvo  |2 snkbucl  |9 19712 
650 0 7 |a medzinárodná spolupráca  |2 snkbucl  |9 4911 
650 0 7 |a informačné technológie  |2 snkbucl  |9 1527 
650 0 7 |a projekty  |2 snkbucl  |9 18866 
650 0 7 |a pokyny  |2 snkbucl  |9 394266 
651 7 |a Európa  |2 snkbucl  |9 167569 
773 0 |t Rodina a škola  |g Roč. 54, č. 7 (2006), s. [obál.]  |x 0231-6463 
852 |a SPK  |b KIS3GCP 
999 |c 3016495  |d 3018425